000 00668cab a22001935a 4500
001 L158678
008 150611e20150523xxk 000 0 eng d
035 _a(Sirsi) u158678
041 0 _aeng
100 1 _aHousley, Richard
245 0 0 _aWhen 'pretty vacant' won't do
260 _c2015
490 _aEstates Gazette
_v(1520) 23 May 2015, 84-85(2)
520 _aThe law on vacant possession and what tenants must do to prove it. Explains the three scenarios where the concept is generally encountered and current and historic case law connected to it.
590 _aKA
651 4 _aEngland and Wales
_y1543-
690 _aLandlord and tenant
_96252
942 _n0
999 _c84657
_d84657